III Exposición Internacional del Pequeño Bronce Escultores Europeos (Record no. 16452)

MARC details
000 -LEADER
campo de control de longitud fija 01008nam a2200241 i 4500
001 - NÚMERO DE CONTROL
campo de control 16452
003 - IDENTIFICADOR DE NÚMERO DE CONTROL
campo de control ES-MaACL
007 - CAMPO FIJO DE DESCRIPCIÓN FÍSICA--INFORMACIÓN GENERAL
campo de control de longitud fija t|
008 - DATOS DE LONGITUD FIJA--INFORMACIÓN GENERAL
campo de control de longitud fija 000922s1970 sp ||||1| spa d
080 ## - NÚMERO DE LA CLASIFICACIÓN DECIMAL UNIVERSAL
Número de la Clasificación Decimal Universal 73.023.3:061.43(464.1 M.)"1970"
111 2# - ENTRADA PRINCIPAL--NOMBRE DE CONGRESO/REUNIÓN
Nombre de congreso/reunión o jurisdicción como elemento de entrada Exposición Internacional del Pequeño Bronce Escultores Europeos (
Número del congreso/reunión o número de parte o sección 3º.
Fecha del congreso o de la firma del tratado 1970.
Sede del congreso/Lugar de la reunión Madrid)
9 (RLIN) 699
245 10 - MENCIÓN DEL TÍTULO
Título III Exposición Internacional del Pequeño Bronce Escultores Europeos
Resto del título : [Museo Español de Arte Contemporáneo].
260 ## - PUBLICACIÓN, DISTRIBUCIÓN, ETC.
Lugar de publicación, distribución, etc. Madrid :
Nombre del editor, distribuidor, etc. [Comisaría General de Exposiciones],
Fecha de publicación, distribución, etc. 1970.
300 ## - DESCRIPCIÓN FÍSICA
Extensión 64 p. :
Otras características físicas il. ;
Dimensiones 25 cm.
490 1# - MENCIÓN DE SERIE
Mención de serie Publicaciones de la Comisaría General de Exposiciones
650 14 - PUNTO DE ACCESO ADICIONAL DE MATERIA--TÉRMINO DE MATERIA
Término de materia o nombre geográfico como elemento de entrada Escultura en bronce-
Subdivisión de forma Exposiciones.
9 (RLIN) 12434
655 #7 - TERMINO DE INDIZACIÓN--GENERO/FORMA
Fuente del término tgfbne
9 (RLIN) 193628
Datos o término principal de género/forma Catálogos de exposiciones
710 1# - ENTRADA AGREGADA--NOMBRE DE ENTIDAD CORPORATIVA
Nombre de entidad corporativa o nombre de jurisdicción como elemento de entrada España.
Unidad subordinada Comisaría General de Exposiciones
9 (RLIN) 3633
830 0# - PUNTO DE ACCESO ADICIONAL DE SERIE-TÍTULO UNIFORME
Título uniforme Publicaciones de la Comisaría General de Exposiciones
9 (RLIN) 226695
852 ## - LOCALIZACIÓN
Ubicación ES-MaACL
Número de control de estantería G-2204
Sublocalización o colección R.123388
942 ## - ELEMENTOS DE ENTRADA SECUNDARIOS (KOHA)
Fuente del sistema de clasificación o colocación Clasificación decimal universal
Holdings
Estatus retirado Estado de pérdida Estado de daño No para préstamo Biblioteca de origen Biblioteca actual Ubicación en estantería Fecha de adquisición Fuente de adquisición Total de préstamos Signatura topográfica completa Código de barras Visto por última vez Precio de reemplazo Tipo de ítem Koha
        Biblioteca del Ateneo de Madrid Biblioteca del Ateneo de Madrid Depósito 2 17/01/2008     G-2204 1016714 23/02/2023 23/02/2023 Libro impreso